LEADER 00982nam a2200217 i 4500 001 000000219036 003 CaOOAMICUS 005 20260526142251.0 008 130301s1912 xx u000 u lat u 013 $a197933 040 $aSeMil$bita 100 1 $aManzoni, Cesare,$d<1865-1950>.$0(OLS)http://semarc/name/12848 245 10$a4: De sacramentis et de novissimis /$cauctore Manzoni Caesare. 264 1$aAugustae Taurinorum :$bEx libraria a SS. Corde Jesu,$c1912. 300 $aXII, 449, 17 p. ;$c24 cm 773 0 $aManzoni, Cesare <1865-1950>$tCompendium theologiae dogmaticae.$dAugustae Taurinorum : Ex libraria a SS. Corde Jesu, 1910-1914.$g4$w()28132 850 $aSeMil 852 $aSeMil$W1$xVenegono$y1$m2B IV 618$j272546$B169406$CSeMilBibl$Z2$F180129 $81 996 $6245$a4: De sacramentis et de novissimis$9(OLS)http://semarc/title/314339 996 $6264$aAugustae Taurinorum :$bEx libraria a SS. Corde Jesu$9(OLS)http://semarc/publisher/37629